[Event "AUT-ch U14"]
[Site "St Veit"]
[Date "2019.06.08"]
[Round "1.3"]
[White "Wolf, Julian"]
[Black "Marakovits, Nico"]
[Result "0-1"]
[WhiteElo "1529"]
[BlackElo "1966"]
[PlyCount "72"]
[EventDate "2019.06.08"]
[EventType "swiss"]
[EventRounds "7"]
[EventCountry "AUT"]
[SourceTitle "EXT 2024"]
[Source "ChessBase"]
[SourceDate "2023.10.10"]
[SourceVersion "1"]
[SourceVersionDate "2023.10.10"]
[SourceQuality "1"]

1. d4 Nf6 2. Bf4 g6 3. e3 Bg7 4. h3 0-0 5. Nf3 d6 6. Be2 c5 7. c3 Qb6 8. Qb3 Be6 9. Qxb6 axb6 10. b3 Bxb3 11. Nbd2 Be6 12. a3 Nd5 13. Bg5 f6 14. Bh4 Nxc3 15. Bd3 Nc6 16. 0-0 cxd4 17. Nxd4 Nxd4 18. exd4 Bf5 19. Bxf5 gxf5 20. Rfe1 Kf7 21. Nc4 b5 22. Ne3 Kg6 23. Bg3 e5 24. dxe5 fxe5 25. Bh2 f4 26. Nc2 e4 27. Kf1 d5 28. Bg1 e3 29. Nxe3 fxe3 30. Rxe3 Ne4 31. f3 Bxa1 32. Ke2 Bd4 33. fxe4 Bxe3 34. Kxe3 Rxa3+ 35. Kd4 dxe4 36. Kxe4 Rd8 0-1